Vista normal
Vista MARC
Entrada Geographic Name
Número de registros utilizados en: 4
001 - CONTROL NUMBER
- control field: 9190
003 - CONTROL NUMBER IDENTIFIER
- control field: OSt
005 - DATE AND TIME OF LATEST TRANSACTION
- control field: 20200825112803.0
008 - FIXED-LENGTH DATA ELEMENTS
- fixed length control field: 200825|| aca||aabn | a|a d
040 ## - CATALOGING SOURCE
- Original cataloging agency: OSt
- Transcribing agency: OSt
151 ## - HEADING--GEOGRAPHIC NAME
- Geographic name: Colombia
- General subdivision: administración pública
670 ## - SOURCE DATA FOUND
- Source citation: Work cat.: (OSt)5930: Rodríguez Rodríguez, Libardo, autor 8194, Estructura del poder público en Colombia / , 2011